Ḥāfiẓ-shināsī. (Record no. 50606)
[ view plain ]
| 000 -LEADER | |
|---|---|
| fixed length control field | 00601cam a22002291 4500 |
| 001 - CONTROL NUMBER | |
| control field | ne 68002771 |
| 003 - CONTROL NUMBER IDENTIFIER | |
| control field | DLC |
| 005 - DATE AND TIME OF LATEST TRANSACTION | |
| control field | 20260227111844.0 |
| 008 - FIXED-LENGTH DATA ELEMENTS--GENERAL INFORMATION | |
| fixed length control field | 881018q xx 000 0 per |
| 010 ## - LIBRARY OF CONGRESS CONTROL NUMBER | |
| LC control number | ne 68002771 |
| 035 ## - SYSTEM CONTROL NUMBER | |
| System control number | (OCoLC)23564090 |
| 040 ## - CATALOGING SOURCE | |
| Original cataloging agency | DLC |
| Transcribing agency | MiU |
| Modifying agency | DLC |
| 042 ## - AUTHENTICATION CODE | |
| Authentication code | premarc |
| 050 00 - LIBRARY OF CONGRESS CALL NUMBER | |
| Classification number | PK6465 |
| Item number | .Z83 |
| 100 1# - MAIN ENTRY--PERSONAL NAME | |
| Personal name | Bāmdād, Muḥammad ʻAlī, |
| Dates associated with a name | 1884 or 1885-1951 or 1952. |
| 245 10 - TITLE STATEMENT | |
| Title | Ḥāfiẓ-shināsī. |
| 260 ## - PUBLICATION, DISTRIBUTION, ETC. | |
| Date of publication, distribution, etc. | [19-] |
| 300 ## - PHYSICAL DESCRIPTION | |
| Extent | 174 p. |
| Dimensions | 25 cm. |
| 500 ## - GENERAL NOTE | |
| General note | Romanized. |
| 600 00 - SUBJECT ADDED ENTRY--PERSONAL NAME | |
| Personal name | Ḥāfiẓ, |
| Dates associated with a name | active 14th century. |
| 740 0# - ADDED ENTRY--UNCONTROLLED RELATED/ANALYTICAL TITLE | |
| Uncontrolled related/analytical title | Ilhāmāt-i Khvājah. |
No items available.